Przetłumacz nazwy mórz na polski #2 - Statystyki

Ogólne statystyki
  • Ten quiz został rozwiązany 12 razy
  • Średni wynik to 2 z 10
Statystyki odpowiedzi
Angielski Polski % Poprawnych
Thracian Trackie
70%
Archipelago Archipelagowe
50%
of the Hebrides Hebrydzkie
50%
Bismarck Nowogwinejskie
10%
D'Urville Dumont d'Urville'a
0%
Myrtoan Mirtejskie
0%
Bohai Pohaj
0%
Wadden Wattowe
0%
Seto Inland Wewnętrzne
0%
Cooperation Wspólnoty
0%
Nie znaleziono quizów pasujących do podanych kryteriów
Rozkład punktacji
Procent ludzi z każdym wynikiem
Percentyl według liczby udzielonych odpowiedzi
Twoja historia wyników
Nie rozwiązałeś tego quizu